Buhos: (Record no. 72140)

MARC details
000 -LEADER
fixed length control field 00720nmm a22001937a 4500
003 - CONTROL NUMBER IDENTIFIER
control field OSt
005 - DATE AND TIME OF LATEST TRANSACTION
control field 20240502102354.0
008 - FIXED-LENGTH DATA ELEMENTS--GENERAL INFORMATION
fixed length control field 240214b |||||||| |||| 00| 0 eng d
040 ## - CATALOGING SOURCE
Transcribing agency MPSPC
082 ## - DEWEY DECIMAL CLASSIFICATION NUMBER
Classification number TAV-GC 551.5 L523 2010
100 ## - MAIN ENTRY--PERSONAL NAME
Personal name Legarda, Loren
9 (RLIN) 23523
245 ## - TITLE STATEMENT
Title Buhos:
Remainder of title a documentary on climate change
Medium [videorecording] /
Statement of responsibility, etc. by Senator Loren Legarda
300 ## - PHYSICAL DESCRIPTION
Extent 1 videodisc:
Other physical details sd., col. ;
Dimensions 4 ¾ in.
336 ## - CONTENT TYPE
Content type code txt
337 ## - MEDIA TYPE
Media type code n
520 ## - SUMMARY, ETC.
Summary, etc. This is a documentary about climate change which cited a significant contribution in educating the entire nation on the devastating impact on climate change and global warming to our country.
650 ## - SUBJECT ADDED ENTRY--TOPICAL TERM
Topical term or geographic name entry element Climate change
9 (RLIN) 2561
942 ## - ADDED ENTRY ELEMENTS (KOHA)
Source of classification or shelving scheme Dewey Decimal Classification
Koha item type AUDIO VISUAL MATERIALS
Suppress in OPAC No
Holdings
Withdrawn status Lost status Source of classification or shelving scheme Damaged status Not for loan Collection Home library Current library Shelving location Date acquired Total Checkouts Full call number Barcode Date last seen Price effective from Koha item type
    Dewey Decimal Classification     AUDIO VISUAL MATERIALS Tadian Campus Library Tadian Campus Library MPSU Tadian Campus Library 2nd Floor - PERIODICALS 02/14/2024   TAV-GC 551.5 L523 2010 TAV0249 02/14/2024 02/14/2024 AUDIO VISUAL MATERIALS